| 000 | 00746nam a2200205Ia 4500 | ||
|---|---|---|---|
| 008 | 140626s9999 xx 000 0 und d | ||
| 100 | _aWhall, Ann. | ||
| 245 |
_aMeasurement of aggressive behaviors in dementia : _bcomparison of the physical aggression subscales of the Cohen-Mansfield Agitation Inventory and the Ryden Aggression Scale / _cAnn Whall ... [et al.]. |
||
| 260 | _cc2013. | ||
| 300 | _a6 : 1, page 171 | ||
| 440 | _aResearch in Gerontological Nursing | ||
| 521 | _aNUR | ||
| 650 | _aAggression. | ||
| 650 | _aAggressive behavior. | ||
| 650 | _aDementia. | ||
| 650 | _aOlder adults. | ||
| 650 | _aPhysical aggression subscales of Cohen-Mansfield Agitation Inventory. | ||
| 650 | _aRyden Aggression Scale. | ||
| 942 | _cSE | ||
| 999 |
_c121464 _d121464 |
||